000 00239 a2200097 4500
001 32111
100 _aMiddleton Donald
245 _aComposite Materials in Aircraft Structures
260 _aEngland
_bLongman
_c1990
090 _c21557
_d21557
942 _aNUST-CAE
_cM
_c12844
999 _c267184
_d267184